[Event "4NCL Division 3 South"]
[Site "Milton Keynes, ENG"]
[Date "2022.06.25"]
[Round "7.134"]
[White "Chilton, James I"]
[Black "Sidana, Rishabh"]
[Result "0-1"]
[WhiteElo "1727"]
[BlackElo "1400"]
[PlyCount "138"]
[EventDate "2022.06.25"]
[WhiteTeam "Wessex Some Stars C"]
[BlackTeam "Watford B"]

1. d4 Nf6 2. c4 g6 3. Nc3 Bg7 4. e4 d6 5. Nf3 Nc6 6. h3 O-O 7. Be3 e5 8. d5 Ne7
9. Qd2 Ne8 10. g4 f5 11. gxf5 gxf5 12. Bh6 f4 13. Bxg7 Nxg7 14. O-O-O a6 15. c5
b6 16. c6 a5 17. Bc4 Ba6 18. Qe2 Bxc4 19. Qxc4 h6 20. Nxe5 dxe5 21. d6+ Kh7 22.
dxe7 Qxe7 23. Rd7 Qg5 24. f3 Rad8 25. Rhd1 Qf6 26. Nd5 Qe6 27. Rxc7 Rc8 28. Qc3
Qd6 29. Rxc8 Rxc8 30. c7 Qc5 31. Rd3 Ne6 32. Nf6+ Kg6 33. Nd7 Qxc7 34. Nxe5+
Kh5 35. Nd7 Qb7 36. Rd5+ Kh4 37. Nc5 Rxc5 38. Rxc5 Nxc5 39. Qf6+ Kxh3 40. Qxh6+
Kg3 41. Qh5 Qc7 42. Qg4+ Kf2 43. Kd2 Qd6+ 44. Kc1 Nd3+ 45. Kc2 Nb4+ 46. Kb3 b5
47. Qh4+ Ke2 48. Qh2+ Kd3 49. a4 bxa4+ 50. Kxa4 Kc4 51. b3+ Kc3 52. e5 Qd7+ 53.
Ka3 Nc2+ 54. Ka2 a4 55. Qe2 axb3+ 56. Kb1 Na3+ 57. Kc1 Nc4 58. e6 Qd2+ 59.
Qxd2+ Nxd2 60. e7 b2+ 61. Kd1 b1=R+ 62. Ke2 Rb8 63. Kf2 Re8 64. Kg2 Rxe7 65.
Kf2 Kd3 66. Kg2 Re2+ 67. Kh1 Ke3 68. Kg1 Nxf3+ 69. Kh1 Rh2# 0-1

[Event "4NCL Division 3 South"]
[Site "Milton Keynes, ENG"]
[Date "2022.06.25"]
[Round "7.135"]
[White "Koripalli, Pooja"]
[Black "Deacon, Nicholas"]
[Result "0-1"]
[WhiteElo "800"]
[BlackElo "1402"]
[PlyCount "28"]
[EventDate "2022.06.25"]
[WhiteTeam "Watford B"]
[BlackTeam "Wessex Some Stars C"]

1. e4 c5 2. c3 d5 3. exd5 Qxd5 4. d4 Nf6 5. Be3 Nc6 6. Na3 Bf5 7. Nb5 Rc8 8.
Bf4 Qe4+ 9. Ne2 a6 10. Na3 cxd4 11. f3 Qe6 12. cxd4 Nd5 13. Bg3 Ncb4 14. Kf2
Qe3+ 0-1

[Event "4NCL Division 3 South"]
[Site "Milton Keynes, ENG"]
[Date "2022.06.25"]
[Round "7.136"]
[White "Deacon, Matthew"]
[Black "Shah, Prem Chirag"]
[Result "1-0"]
[WhiteElo "1258"]
[BlackElo "777"]
[PlyCount "65"]
[EventDate "2022.06.25"]
[WhiteTeam "Wessex Some Stars C"]
[BlackTeam "Watford B"]

1. d4 d5 2. c4 e6 3. Nc3 Nf6 4. cxd5 exd5 5. Bg5 Be6 6. e3 h6 7. Bh4 a6 8. Bd3
Nc6 9. Nf3 Bd6 10. O-O Ne7 11. Qc2 Qd7 12. Ne5 Bxe5 13. dxe5 Nh5 14. Qe2 g6 15.
Rfd1 Ng7 16. Bf6 Rg8 17. Bc2 Nh5 18. Bxe7 Kxe7 19. Bb3 c6 20. Na4 Qd8 21. e4
Qa5 22. exd5 cxd5 23. Nc3 Rad8 24. Qe3 Rh8 25. Rd4 Qc5 26. Rc1 Rd7 27. Nxd5+
Rxd5 28. Rxc5 Rxc5 29. Bxe6 Rc1+ 30. Qxc1 Kxe6 31. Rd6+ Kxe5 32. Qc5+ Kf4 33.
Rd4# 1-0

[Event "4NCL Division 3 South"]
[Site "Milton Keynes, ENG"]
[Date "2022.06.25"]
[Round "7.137"]
[White "Hylands, Keith"]
[Black "Dhemrait, Jagdeep"]
[Result "0-1"]
[WhiteElo "1371"]
[BlackElo "1816"]
[PlyCount "134"]
[EventDate "2022.06.25"]
[WhiteTeam "Watford B"]
[BlackTeam "Cambridge University 3"]

1. d4 Nf6 2. Nf3 g6 3. g3 Bg7 4. Bg2 O-O 5. O-O d6 6. c3 Nbd7 7. Re1 e5 8. dxe5
dxe5 9. e4 Qe7 10. b3 b6 11. Ba3 c5 12. c4 Bb7 13. Nc3 Rad8 14. Qc2 Rfe8 15.
Nd5 Nxd5 16. cxd5 a5 17. Rad1 Qd6 18. Bc1 Nb8 19. Bf1 Ba6 20. Kg2 Bxf1+ 21.
Rxf1 b5 22. Bd2 b4 23. Qc1 Rc8 24. Qc4 Re7 25. Rc1 Rec7 26. Be3 Nd7 27. Nd2 Bf8
28. h4 h5 29. Qe2 Nb6 30. Nc4 Nxc4 31. Qxc4 Ra8 32. Rc2 a4 33. Rfc1 axb3 34.
axb3 Ra5 35. Qe2 Qd7 36. f3 Ra3 37. Rb2 f5 38. Qc4 Bd6 39. Qd3 Kg7 40. Bd2 Rca7
41. f4 Ra2 42. Rcc2 Rxb2 43. Rxb2 fxe4 44. Qxe4 Qg4 45. Qf3 Qf5 46. fxe5 Bxe5
47. Qxf5 gxf5 48. Rc2 Bd4 49. Bc1 Kf6 50. Bb2 Bxb2 51. Rxb2 Ke5 52. Rd2 Rd7 53.
Kf3 Rxd5 54. Re2+ Kf6 55. Re3 Rd2 56. Kf4 Rb2 57. Rd3 Rf2+ 58. Ke3 Rg2 59. Kf3
Rb2 60. Kf4 Re2 61. Kf3 Re4 62. Rd5 c4 63. bxc4 Rxc4 64. Rd6+ Ke5 65. Rh6 b3
66. Rb6 Rc3+ 67. Ke2 Rxg3 0-1

[Event "4NCL Division 3 South"]
[Site "Milton Keynes, ENG"]
[Date "2022.06.25"]
[Round "7.138"]
[White "Hayali, Laith"]
[Black "Dairi, Ramsey"]
[Result "1-0"]
[WhiteElo "1762"]
[BlackElo "1465"]
[PlyCount "65"]
[EventDate "2022.06.25"]
[WhiteTeam "Cambridge University 3"]
[BlackTeam "Watford B"]

1. e4 c5 2. Nf3 g6 3. c4 Bg7 4. Nc3 Nc6 5. g3 Nf6 6. Bg2 d6 7. O-O O-O 8. d3
Bg4 9. h3 Bxf3 10. Bxf3 Nd4 11. Bg2 Qd7 12. Kh2 b5 13. e5 dxe5 14. Bxa8 Rxa8
15. cxb5 Qb7 16. f3 Rd8 17. Ne4 Qxb5 18. b3 Nf5 19. Qc2 Nd4 20. Qc4 Nxe4 21.
Qxb5 Nxb5 22. dxe4 f5 23. Be3 Nd4 24. Rac1 f4 25. Bg1 fxg3+ 26. Kg2 Ne2 27.
Rfd1 Rc8 28. Rxc5 Rf8 29. Be3 Nf4+ 30. Kxg3 Nh5+ 31. Kf2 Bf6 32. Rc7 Rf7 33.
Rxa7 1-0

[Event "4NCL Division 3 South"]
[Site "Milton Keynes, ENG"]
[Date "2022.06.25"]
[Round "7.139"]
[White "Balakrishnan, Akshata"]
[Black "Nettleton, Robin"]
[Result "0-1"]
[WhiteElo "861"]
[BlackElo "1341"]
[PlyCount "122"]
[EventDate "2022.06.25"]
[WhiteTeam "Watford B"]
[BlackTeam "Cambridge University 3"]

1. e4 e5 2. Nf3 Nc6 3. d4 exd4 4. Bc4 h6 5. O-O Na5 6. Qxd4 Nxc4 7. Qxc4 d6 8.
Nc3 Ne7 9. e5 Bg4 10. Qxg4 Ng6 11. exd6 Qxd6 12. Qe4+ Be7 13. Be3 O-O 14. Rad1
Qb4 15. Qxb4 Bxb4 16. Nd5 Bd6 17. Nd4 c6 18. Nf5 Rfd8 19. Nc3 Bc7 20. Rxd8+
Bxd8 21. Re1 a6 22. Bc5 Bf6 23. Ne7+ Bxe7 24. Bxe7 Re8 25. f4 Rxe7 26. Rxe7
Nxe7 27. Ne4 Nc8 28. Nc5 Nd6 29. f5 Kf8 30. Kf2 Ke7 31. Nb3 Nxf5 32. Na5 Nd6
33. c4 c5 34. Nb3 Nxc4 35. Nxc5 Nxb2 36. Nxb7 f5 37. Nc5 a5 38. Nb7 Nc4 39. Ke2
g5 40. Kd3 Ne5+ 41. Kd4 Nc6+ 42. Kc5 Kd7 43. Kb5 f4 44. Nxa5 Nxa5 45. Kxa5 g4
46. a4 f3 47. gxf3 gxf3 48. Kb4 f2 49. a5 f1=Q 50. Ka4 Kc6 51. h4 Qb5+ 52. Ka3
Qxa5+ 53. Kb2 Qb4+ 54. Ka1 Qxh4 55. Kb2 Kb5 56. Kb3 Qc4+ 57. Kb2 h5 58. Kb1 Kb4
59. Ka1 Kb3 60. Kb1 Qc2+ 61. Ka1 Qb2# 0-1